| 000 | 00455nam a2200157 i 4500 | ||
|---|---|---|---|
| 001 | 25990 | ||
| 003 | ES-MaACL | ||
| 005 | 20230906153351.0 | ||
| 007 | t| | ||
| 008 | 030107s1972 sp ||||1| spa d | ||
| 245 | 0 | 3 |
_aEl arte de nuestro tiempo / _ctraducido... por Jesús Villa... [et al.]. |
| 260 |
_a[Madrid : _bAl-Borak, _c1972] |
||
| 300 |
_a2 v., 160 lám. ; _c28 cm. |
||
| 700 | 1 |
_aVilla, Jesús. _9114871 |
|
| 852 |
_aES-MaACL _jC-42910-11 _bR.83062 |
||
| 999 |
_c25990 _d25990 |
||